01000nam a2200205 a 450000100060000000300090000600800410001502000150005604000280007108200170009910000420011624500560015826000230021430000170023750502950025465000670054994200120061699900170062895201490064522717CO-ViMGA141112s2004 ck r 000 u spa d a9586906639 aCO-ViMGAbspacCO-ViMGA04a345.02 G659d1 aGonzalez Navarro, Antonio Luis93238710aEl Delito Culposo / cAntonio Luis Gonzalez Navarro aColombia : bLeyer a503 p. 23 cm aAspecto historico y universal de la culpa o imprudencia, Evolucion legislativa de la conducta culposa punible en colombia, Sistemas de incriminacion en el delito culposo, Dogmatica clasica, Esquema neoclasico del delito, Evolucion moderna sobre la teoria de la conducta punible culposa14aCULPA JURIDICA, DELITOS CULPOSOS - LEGISLACION, DELITOS932388 2ddccBK c31015d31015 00102ddc40708002aMEVIECARbMEVIECARd2015-12-04hTomo. 1 | 06/oct/2009l0o345.02 G659d p22717r2015-12-04 00:00:00tEj. 1w2015-12-04yBK